000 00327nam a22001457a 4500
003 OSt
005 20160727222348.0
008 160621b xxu||||| |||| 00| 0 eng d
040 _cTEST
100 _9297
_aRice, H. S
245 _aHeart Gifts
260 _aUSA
_b Fleming H.Revell
_c1987
300 _aHeart Gifts
942 _2ddc
_cBK
999 _c241
_d241